[Event "2017 Oceania Zone 3.6 Zonal Championshi"]
[Site "Auckland NZL"]
[Date "2017.01.18"]
[Round "7.46"]
[White "Oka, Hikaru"]
[Black "Booth, Anthony J"]
[Result "0-1"]
[WhiteElo "1559"]
[BlackElo "1716"]
[PlyCount "133"]
[EventDate "2017.01.14"]

1. d4 d5 2. c4 c6 3. Nc3 g6 4. e3 Bg7 5. Nf3 Nf6 6. Be2 O-O 7. O-O Re8 8. Qc2
Bf5 9. Qb3 b6 10. Bd2 Qd6 11. Rac1 Nbd7 12. Na4 Rac8 13. c5 bxc5 14. Nxc5 Nxc5
15. Rxc5 Ne4 16. Ra5 Nxd2 17. Nxd2 Rb8 18. Qc3 e5 19. Nb3 exd4 20. Nxd4 Bxd4
21. Qxd4 Qb4 22. Qxb4 Rxb4 23. b3 Re7 24. Bf3 Be4 25. Bxe4 Rbxe4 26. g3 d4 27.
exd4 Rxd4 28. Ra6 Rc7 29. Rc1 c5 30. Ra5 Rd2 31. Rc4 Re7 32. Rf4 Rc2 33. Rc4
Rxc4 34. bxc4 Rc7 35. Kg2 Kf8 36. Kf3 Ke7 37. Ke4 Kd6 38. Ra6+ Ke7 39. Kd5 Kd7
40. Rd6+ Kc8 41. Rc6 Kb7 42. Rxc7+ Kxc7 43. Kxc5 a6 44. a4 f5 45. h4 h6 46. f4
Kb7 47. a5 Kc7 48. Kd5 Kd7 49. c5 Kc7 50. c6 Kc8 51. Kd6 Kd8 52. Ke5 Kc7 53.
Kd5 Kc8 54. Kd6 Kd8 55. Ke6 Kc7 56. Kf6 Kxc6 57. Kxg6 Kb5 58. Kxh6 Kxa5 59. Kg5
Kb5 60. h5 a5 61. h6 a4 62. h7 a3 63. Kxf5 a2 64. h8=Q Kb4 65. g4 Kb3 66. g5
Kc2 67. Qa1 0-1

[Event "2017 Oceania Zone 3.6 Zonal Championshi"]
[Site "Auckland NZL"]
[Date "2017.01.18"]
[Round "7.47"]
[White "Li, Rodney Xiang Rui"]
[Black "Lu, Lillian"]
[Result "1-0"]
[WhiteElo "1525"]
[BlackElo "1710"]
[PlyCount "117"]
[EventDate "2017.01.14"]

1. e4 e6 2. d4 d5 3. exd5 exd5 4. c4 c6 5. Nc3 Nf6 6. Bg5 Be7 7. Nf3 O-O 8. h3
Re8 9. Be2 dxc4 10. Bxc4 b5 11. Be2 Be6 12. O-O Nbd7 13. a3 Nb6 14. Ne5 Rc8 15.
Nxc6 Rxc6 16. Bxb5 Rd6 17. Bxe8 Rxd4 18. Bxf7+ Bxf7 19. Qc2 Bg6 20. Qe2 Qd7 21.
Rfd1 Rxd1+ 22. Rxd1 Qc7 23. Rc1 Qb7 24. Nb5 Nbd5 25. Qe6+ Kf8 26. Qc8+ Qxc8 27.
Rxc8+ Kf7 28. Nxa7 Bf5 29. Rc1 Ne4 30. Bxe7 Kxe7 31. Nc6+ Kd6 32. Nd4 Bd7 33.
b4 Nec3 34. Kf1 Kc7 35. Ke1 Kb6 36. Kd2 Ne4+ 37. Ke2 Nec3+ 38. Kd3 Na4 39. Ke4
Nf6+ 40. Ke5 Ne8 41. Nf5 Nb2 42. Rc3 Bc6 43. g3 Bd7 44. h4 Na4 45. Rc2 g6 46.
Nd6 Nc7 47. Nc4+ Kb7 48. Na5+ Kb6 49. Kd6 Bg4 50. Rxc7 h5 51. Rb7+ Ka6 52. Kc7
Bf3 53. Nc6 Bxc6 54. Kxc6 Nc3 55. b5+ Nxb5 56. Rxb5 Ka7 57. Kc7 Ka6 58. Rg5 Ka7
59. Ra5# 1-0

[Event "2017 Oceania Zone 3.6 Zonal Championshi"]
[Site "Auckland NZL"]
[Date "2017.01.18"]
[Round "7.48"]
[White "Hooton, Barry R"]
[Black "Shen, Terry"]
[Result "0-1"]
[WhiteElo "1478"]
[BlackElo "1706"]
[PlyCount "96"]
[EventDate "2017.01.14"]

1. d4 Nf6 2. c4 g6 3. Nc3 Bg7 4. e4 d6 5. Nf3 O-O 6. Be2 c5 7. d5 e5 8. O-O Nh5
9. Bd3 a6 10. a3 Qe8 11. Bd2 f5 12. Re1 f4 13. b4 b6 14. bxc5 bxc5 15. Rb1 g5
16. Nxg5 Qg6 17. Be2 Nf6 18. Ne6 Bxe6 19. dxe6 Nc6 20. Bf3 Ne8 21. Bg4 f3 22.
Bxf3 Qxe6 23. Nd5 Qf7 24. Be3 Nf6 25. Nxf6+ Bxf6 26. Qxd6 Nd4 27. Bg4 Qxc4 28.
Rbc1 Qd3 29. Bh6 Ne2+ 30. Bxe2 Qxd6 31. Bc4+ Kh8 32. Rcd1 Qc7 33. Bxf8 Rxf8 34.
Re3 Rd8 35. Rxd8+ Qxd8 36. h3 Qd1+ 37. Kh2 Qa4 38. Bd5 Qd4 39. Rf3 Bg7 40. Rb3
Qxf2 41. Rb8+ Bf8 42. Rc8 a5 43. Rc7 Qf4+ 44. Kg1 Qc1+ 45. Kf2 Qxa3 46. Rf7 c4
47. Rf3 Qc5+ 48. Kg3 c3 0-1

[Event "2017 Oceania Zone 3.6 Zonal Championshi"]
[Site "Auckland NZL"]
[Date "2017.01.18"]
[Round "7.49"]
[White "Lim, Christopher"]
[Black "Nylund, Micah"]
[Result "1-0"]
[WhiteElo "1691"]
[BlackElo "1477"]
[PlyCount "55"]
[EventDate "2017.01.14"]

1. d4 d5 2. c4 e6 3. Nc3 Nf6 4. cxd5 Nxd5 5. e4 Nxc3 6. bxc3 b6 7. Nf3 Be7 8.
Bd3 O-O 9. O-O Ba6 10. Bxa6 Nxa6 11. Qe2 Nb8 12. Bb2 c6 13. c4 c5 14. d5 Qd7
15. Ne5 Qd6 16. f4 Bf6 17. Rab1 Rd8 18. Nxf7 Kxf7 19. e5 Qd7 20. exf6 gxf6 21.
Qh5+ Kg7 22. Qg5+ Kf8 23. Bxf6 Rc8 24. Rbe1 exd5 25. Be7+ Kf7 26. Qf6+ Kg8 27.
Re5 Nc6 28. Rg5# 1-0

[Event "2017 Oceania Zone 3.6 Zonal Championshi"]
[Site "Auckland NZL"]
[Date "2017.01.18"]
[Round "7.50"]
[White "Qin, Oscar Shu Xuan"]
[Black "Archer, Saffron"]
[Result "1/2-1/2"]
[WhiteElo "1375"]
[BlackElo "1417"]
[PlyCount "61"]
[EventDate "2017.01.14"]

1. e4 e6 2. d4 d5 3. Nd2 dxe4 4. Nxe4 Nd7 5. Nf3 Ngf6 6. Nxf6+ Nxf6 7. Bc4 c5
8. Be3 cxd4 9. Qxd4 Qxd4 10. Bxd4 Be7 11. O-O O-O 12. Rad1 b6 13. Rfe1 Bb7 14.
h3 Bxf3 15. gxf3 Rac8 16. Bb3 Rfd8 17. Bc3 h6 18. Kg2 Kf8 19. a3 g5 20. Rd2
Rxd2 21. Bxd2 Rd8 22. Bc3 Nd5 23. Bxd5 Rxd5 24. Re5 Rxe5 25. Bxe5 f5 26. f4 Kf7
27. Kf3 Bf6 28. Bxf6 Kxf6 29. fxg5+ hxg5 30. c4 Ke7 31. b4 1/2-1/2

[Event "2017 Oceania Zone 3.6 Zonal Championshi"]
[Site "Auckland NZL"]
[Date "2017.01.19"]
[Round "8.1"]
[White "Illingworth, Max"]
[Black "Dale, Ari"]
[Result "1/2-1/2"]
[WhiteElo "2481"]
[BlackElo "2333"]
[PlyCount "123"]
[EventDate "2017.01.14"]

1. d4 Nf6 2. Bg5 d5 3. e3 e6 4. Nd2 c5 5. c3 Nc6 6. Ngf3 h6 7. Bh4 Be7 8. Bd3
O-O 9. Ne5 Nxe5 10. dxe5 Nd7 11. Bxe7 Qxe7 12. f4 f6 13. exf6 Rxf6 14. Qh5 e5
15. O-O Qf7 16. Qe2 exf4 17. exf4 Re6 18. Qf3 Nf6 19. Qg3 Qc7 20. Bg6 Bd7 21.
Rae1 Rf8 22. Nf3 Rxe1 23. Rxe1 Be8 24. Ne5 Qb6 25. h3 Qxb2 26. Rb1 Qd2 27. Rxb7
Bxg6 28. Nxg6 Re8 29. Ne7+ Kf8 30. Nxd5 Qd1+ 31. Kh2 Nh5 32. Qf3 Qxf3 33. gxf3
Re2+ 34. Kg1 Rxa2 35. Rc7 a5 36. Rxc5 Ng3 37. Rc7 a4 38. Ra7 h5 39. c4 a3 40.
c5 Rc2 41. Ne3 Rxc5 42. Kf2 h4 43. Rxa3 Rb5 44. Nc4 Kg8 45. Ra7 Rb1 46. Ne5
Rb2+ 47. Ke3 Rb3+ 48. Kd2 Nh5 49. Ra8+ Kh7 50. Rf8 Rb6 51. f5 Ng3 52. Ke3 Rb5
53. f4 Rb3+ 54. Kf2 Ne4+ 55. Kg2 Rg3+ 56. Kf1 Nd6 57. Ke2 Rxh3 58. Nf3 Ne4 59.
Re8 Nc3+ 60. Ke3 Nd1+ 61. Ke4 Nc3+ 62. Ke3 1/2-1/2

[Event "2017 Oceania Zone 3.6 Zonal Championshi"]
[Site "Auckland NZL"]
[Date "2017.01.19"]
[Round "8.2"]
[White "Gong, Patrick"]
[Black "Smirnov, Anton"]
[Result "0-1"]
[WhiteElo "2303"]
[BlackElo "2519"]
[PlyCount "96"]
[EventDate "2017.01.14"]

1. e4 c5 2. c3 d5 3. exd5 Qxd5 4. d4 Nc6 5. Nf3 Bf5 6. Be3 e6 7. Nbd2 cxd4 8.
Bc4 dxe3 9. Bxd5 exd2+ 10. Qxd2 O-O-O 11. O-O Rxd5 12. Qf4 Bd6 13. Qg5 Bg6 14.
Qc1 Rh5 15. h3 Nf6 16. b4 Be4 17. Ng5 Bg6 18. Nf3 h6 19. Rd1 Bc7 20. a3 Ne5 21.
Nxe5 Rxe5 22. c4 Be4 23. Ra2 Rg5 24. g3 Rh5 25. h4 Rf5 26. Qe3 Kb8 27. Rd4 Bf3
28. c5 Bd5 29. Re2 Bf3 30. Ra2 Ng4 31. Qe1 Ne5 32. Qc3 Bd5 33. Rxd5 exd5 34. f4
d4 35. Qb3 Nc6 36. Re2 Rd8 37. Qd3 Rfd5 38. Rb2 Re8 39. b5 Na5 40. b6 axb6 41.
cxb6 Bd6 42. Rb5 Rxb5 43. Qxb5 Nc6 44. a4 Rd8 45. Kf1 Bb4 46. Ke2 d3+ 47. Kd1
Re8 48. h5 Re1# 0-1

[Event "2017 Oceania Zone 3.6 Zonal Championshi"]
[Site "Auckland NZL"]
[Date "2017.01.19"]
[Round "8.3"]
[White "Ker, Anthony F"]
[Black "Dive, Russell J"]
[Result "1-0"]
[WhiteElo "2300"]
[BlackElo "2304"]
[PlyCount "101"]
[EventDate "2017.01.14"]

1. e4 c6 2. d4 d5 3. exd5 cxd5 4. c4 Nf6 5. Nc3 Nc6 6. Nf3 Bg4 7. cxd5 Nxd5 8.
Qb3 Bxf3 9. gxf3 Nb6 10. Be3 e6 11. O-O-O Be7 12. d5 exd5 13. Nxd5 Nxd5 14.
Rxd5 Qc7 15. Kb1 O-O 16. f4 Rad8 17. Bg2 Rxd5 18. Bxd5 Bf6 19. Rc1 Qd7 20. Be4
h6 21. Qd5 Qh3 22. Qf5 Qxf5 23. Bxf5 Bd4 24. Rc4 Rd8 25. Be4 Bxe3 26. fxe3 Rd6
27. Kc2 Kf8 28. b4 a6 29. a4 Ke7 30. b5 axb5 31. axb5 Nd8 32. Rc7+ Rd7 33. b6
Kd6 34. Rxd7+ Kxd7 35. Kc3 Kd6 36. Kc4 g5 37. h3 f6 38. Bg2 gxf4 39. exf4 Ne6
40. f5 Nd8 41. Kb5 Ke5 42. Kc5 Kxf5 43. Kd6 Nf7+ 44. Kc7 Ne5 45. Bf1 Ke6 46.
Bb5 Kd5 47. Kxb7 Nf7 48. Bc4+ Kxc4 49. Kc7 Ng5 50. b7 Ne6+ 51. Kd6 1-0

[Event "2017 Oceania Zone 3.6 Zonal Championshi"]
[Site "Auckland NZL"]
[Date "2017.01.19"]
[Round "8.4"]
[White "Hu, Jason"]
[Black "Lane, Gary W"]
[Result "0-1"]
[WhiteElo "2181"]
[BlackElo "2404"]
[PlyCount "120"]
[EventDate "2017.01.14"]

1. d4 d5 2. c3 Nf6 3. Nf3 e6 4. Bf4 Bd6 5. Bg3 c5 6. e3 Nc6 7. Nbd2 Bxg3 8.
hxg3 Qd6 9. Bd3 Bd7 10. Qe2 O-O-O 11. O-O Kb8 12. dxc5 Qxc5 13. e4 h5 14. exd5
exd5 15. Nb3 Qd6 16. Bb5 Ng4 17. Bxc6 bxc6 18. Rfe1 Rde8 19. Qd2 f6 20. Rxe8+
Rxe8 21. c4 Ne5 22. cxd5 Qxd5 23. Qb4+ Ka8 24. Nxe5 fxe5 25. Qe1 Bg4 26. Rc1 e4
27. Qe3 Rd8 28. Qc3 Bd7 29. Nc5 g5 30. Qa5 Rb8 31. Qc3 Be8 32. Na6 Rc8 33. Qg7
Bf7 34. Rc3 Qxa2 35. Ra3 Qd5 36. Qf6 c5 37. Qe7 Qb7 38. Qe5 Bc4 39. Nxc5 Qd5
40. Qxe4 Rxc5 41. Qe8+ Kb7 42. Qe7+ Rc7 43. Rxa7+ Kxa7 44. Qxc7+ Ka6 45. Qe7
Bb5 46. Qa3+ Kb6 47. Qe3+ Qc5 48. Qe6+ Bc6 49. Qb3+ Qb5 50. Qe3+ Kc7 51. Qe7+
Bd7 52. Qf6 g4 53. Qf4+ Kb7 54. Qd4 Bc6 55. Qc3 Qd5 56. Qb4+ Ka6 57. f3 gxf3
58. gxf3 Qxf3 59. Qc4+ Kb7 60. Qb4+ Kc8 0-1

[Event "2017 Oceania Zone 3.6 Zonal Championshi"]
[Site "Auckland NZL"]
[Date "2017.01.19"]
[Round "8.5"]
[White "Chan, Kris"]
[Black "Zelesco, Karl"]
[Result "0-1"]
[WhiteElo "2120"]
[BlackElo "2345"]
[PlyCount "86"]
[EventDate "2017.01.14"]

1. e4 e5 2. Nf3 Nc6 3. Bb5 a6 4. Ba4 Nge7 5. c3 g6 6. d4 exd4 7. cxd4 b5 8. Bc2
Bg7 9. d5 Na5 10. Bd2 c5 11. Bc3 O-O 12. O-O d6 13. Bxg7 Kxg7 14. b4 Nb7 15.
bxc5 dxc5 16. a4 Bg4 17. h3 Bxf3 18. Qxf3 f6 19. Nd2 Qc7 20. axb5 axb5 21. Qb3
Nd6 22. f4 Ra5 23. e5 fxe5 24. fxe5 Rxa1 25. Rxa1 Qb6 26. Kh2 c4 27. Qb4 Qd4
28. Qxd6 Nc8 29. Qd7+ Rf7 30. Qe6 Qxa1 31. Nf3 Qc1 32. Qxc8 Qxc2 33. Ng5 Qf5
34. e6 Qe5+ 35. Kg1 Qa1+ 36. Kh2 Qe5+ 37. Kg1 Ra7 38. Nf3 Qxd5 39. Qe8 Qc5+ 40.
Kh2 Qd6+ 41. Kg1 Qc5+ 42. Kh2 Re7 43. Qd8 Rxe6 0-1

[Event "2017 Oceania Zone 3.6 Zonal Championshi"]
[Site "Auckland NZL"]
[Date "2017.01.19"]
[Round "8.6"]
[White "Kulashko, Alexei"]
[Black "Rains, Edward"]
[Result "1-0"]
[WhiteElo "2344"]
[BlackElo "2017"]
[PlyCount "106"]
[EventDate "2017.01.14"]

1. e4 c5 2. c3 Nf6 3. e5 Nd5 4. d4 cxd4 5. cxd4 e6 6. Nf3 d6 7. Bc4 Be7 8. O-O
O-O 9. Qe2 b6 10. Qe4 Ba6 11. Bxd5 exd5 12. Qxd5 Nc6 13. Rd1 Rc8 14. Nc3 dxe5
15. dxe5 Qxd5 16. Nxd5 Bc5 17. Be3 Bxe3 18. Nxe3 Be2 19. Rd7 Bxf3 20. gxf3 Nxe5
21. Rxa7 Nxf3+ 22. Kg2 Ne5 23. Rd1 Rc6 24. Rd5 Rg6+ 25. Kf1 Nc6 26. Ra4 h6 27.
Rb5 Ne7 28. Rab4 Ra8 29. a3 Nc6 30. Rc4 Na5 31. Rc7 Rd6 32. Nd5 Rb8 33. Rc8+
Rxc8 34. Ne7+ Kh7 35. Nxc8 Rd1+ 36. Kg2 Nc4 37. Nxb6 Nd6 38. Rd5 Rxd5 39. Nxd5
Nc4 40. a4 Kg8 41. b4 Nd6 42. a5 Nb5 43. a6 Kf8 44. Nc3 Nc7 45. a7 Ke8 46. Nd5
Na8 47. b5 Kd8 48. Kf3 Kc8 49. Ke4 Kb7 50. b6 Kc6 51. Ke5 f6+ 52. Ke6 h5 53.
Kf7 Kxd5 1-0

[Event "2017 Oceania Zone 3.6 Zonal Championshi"]
[Site "Auckland NZL"]
[Date "2017.01.19"]
[Round "8.7"]
[White "Louie, Ryan"]
[Black "Hague, Ben"]
[Result "1/2-1/2"]
[WhiteElo "1972"]
[BlackElo "2333"]
[PlyCount "45"]
[EventDate "2017.01.14"]

1. c4 c5 2. Nc3 Nc6 3. g3 g6 4. Bg2 Bg7 5. e3 e5 6. Nge2 Nge7 7. O-O O-O 8. a3
d6 9. Rb1 a5 10. h3 h5 11. d3 Rb8 12. Bd2 Be6 13. Nd5 b5 14. b3 b4 15. a4 Qd7
16. Kh2 f5 17. Ng1 Bf7 18. Qc2 Rbe8 19. Rbe1 g5 20. Nxe7+ Nxe7 21. d4 g4 22. d5
Bg6 23. Qc1 1/2-1/2

[Event "2017 Oceania Zone 3.6 Zonal Championshi"]
[Site "Auckland NZL"]
[Date "2017.01.19"]
[Round "8.8"]
[White "Garbett, Paul A"]
[Black "Choong, Yita"]
[Result "0-1"]
[WhiteElo "2229"]
[BlackElo "2275"]
[PlyCount "100"]
[EventDate "2017.01.14"]

1. d4 Nf6 2. Nf3 d5 3. c4 c6 4. Qb3 dxc4 5. Qxc4 Bg4 6. Nbd2 Nbd7 7. g3 Qc7 8.
Bg2 e6 9. O-O Be7 10. b3 O-O 11. Bb2 Rac8 12. Rfc1 Qb8 13. b4 b6 14. e3 a6 15.
Ne5 b5 16. Nxd7 Nxd7 17. Qb3 Qd6 18. a3 e5 19. Ne4 Qb8 20. f4 exf4 21. exf4 Be6
22. Qe3 Rfe8 23. Nf2 Bf6 24. Qd2 Bd5 25. Bxd5 cxd5 26. Nd3 Rc4 27. Ne5 Bxe5 28.
dxe5 Nb6 29. Qf2 Rec8 30. Rxc4 Rxc4 31. Bd4 Na8 32. Rd1 Qc8 33. Bc5 Qc6 34. f5
Nc7 35. Qe3 Qd7 36. Qd3 Qc6 37. Rf1 Re4 38. Bd6 Ne8 39. Rd1 d4 40. f6 gxf6 41.
Bc5 fxe5 42. Rf1 Qg6 43. Qf3 Nc7 44. Rc1 Nd5 45. Bd6 Nc3 46. Rf1 Kg7 47. Kh1
Re3 48. Qb7 Qe4+ 49. Qxe4 Rxe4 50. Rf5 f6 0-1

[Event "2017 Oceania Zone 3.6 Zonal Championshi"]
[Site "Auckland NZL"]
[Date "2017.01.19"]
[Round "8.9"]
[White "Smith, Robert W"]
[Black "Chan, Luis"]
[Result "0-1"]
[WhiteElo "2238"]
[BlackElo "2135"]
[PlyCount "118"]
[EventDate "2017.01.14"]

1. e4 e6 2. d4 d5 3. Nc3 Bb4 4. e5 c5 5. Bd2 Ne7 6. Nb5 Bxd2+ 7. Qxd2 O-O 8. f4
a6 9. Nd6 cxd4 10. Nf3 Nbc6 11. Bd3 f6 12. O-O fxe5 13. fxe5 Rxf3 14. Rxf3 Nxe5
15. Qf4 Nxf3+ 16. gxf3 Nf5 17. Bxf5 exf5 18. Re1 Bd7 19. Qe5 h6 20. Qxd5+ Kh7
21. Nf7 Qh4 22. Rd1 Qe7 23. Ne5 Qg5+ 24. Kh1 Bc6 25. Qxd4 Qf6 26. Nxc6 Qxc6 27.
Qd3 Qf6 28. Qd7 b5 29. c3 Qe5 30. Rg1 Rb8 31. Qd4 Re8 32. b3 Qxd4 33. cxd4 Re2
34. Rd1 Kg8 35. d5 Kf7 36. d6 Ke8 37. d7+ Kd8 38. a4 Re3 39. axb5 axb5 40. Rd5
Rxb3 41. Rxf5 b4 42. Kg2 Kxd7 43. Rf7+ Kc6 44. Rxg7 Rd3 45. Kg3 b3 46. Kf4 b2
47. Rg1 Kd5 48. Rb1 Rb3 49. Kg4 Kd4 50. f4 Kc3 51. f5 Rb6 52. Kf4 Kc2 53. Rxb2+
Kxb2 54. Ke5 Kc3 55. f6 Kd3 56. f7 Rb8 57. Kf6 Ke4 58. h4 h5 59. Kg6 Kf4 0-1

[Event "2017 Oceania Zone 3.6 Zonal Championshi"]
[Site "Auckland NZL"]
[Date "2017.01.19"]
[Round "8.10"]
[White "Wastney, Scott"]
[Black "Gong, Daniel Hanwen"]
[Result "0-1"]
[WhiteElo "2350"]
[BlackElo "2090"]
[PlyCount "96"]
[EventDate "2017.01.14"]

1. e4 c5 2. Nf3 Nc6 3. d4 cxd4 4. Nxd4 g6 5. Be2 Bg7 6. Be3 d6 7. O-O Bd7 8.
Nc3 Nf6 9. f4 O-O 10. Qd3 Bg4 11. Bxg4 Nxg4 12. Nxc6 bxc6 13. Bd4 e5 14. fxe5
c5 15. Bf2 Nxf2 16. Rxf2 Bxe5 17. Rf3 Qb6 18. Qc4 Qxb2 19. Raf1 Qb4 20. Qxb4
cxb4 21. Nd5 a5 22. c3 bxc3 23. Nxc3 Bd4+ 24. Kh1 Bxc3 25. Rxc3 Rac8 26. Rd3
Rfe8 27. Rxd6 Rxe4 28. Rdf6 Rc7 29. h3 Re2 30. a3 Re3 31. R1f3 Rxf3 32. Rxf3 f5
33. Rb3 Rc5 34. Rb8+ Kg7 35. Rb7+ Kh6 36. Ra7 Kg5 37. Rxh7 Rc3 38. Ra7 Rxa3 39.
Ra6 a4 40. Kg1 Ra2 41. Kh1 a3 42. Kg1 f4 43. Kh1 Kh5 44. Kg1 g5 45. Ra8 Kh4 46.
Rg8 Rb2 47. Kh2 Kh5 48. Rh8+ Kg6 0-1

[Event "2017 Oceania Zone 3.6 Zonal Championshi"]
[Site "Auckland NZL"]
[Date "2017.01.19"]
[Round "8.11"]
[White "Mallari, Donato"]
[Black "Croad, Nicholas"]
[Result "1/2-1/2"]
[WhiteElo "2036"]
[BlackElo "2278"]
[PlyCount "143"]
[EventDate "2017.01.14"]

1. e4 c5 2. Nf3 d6 3. g3 Nf6 4. c3 Nc6 5. Qe2 g6 6. Bg2 Bg7 7. O-O O-O 8. h3 d5
9. d3 b6 10. e5 Ne8 11. Bf4 Nc7 12. Na3 Ne6 13. Bd2 Rb8 14. Nc2 Bb7 15. d4 cxd4
16. cxd4 Qd7 17. Rfe1 Rfc8 18. Rac1 Nc7 19. Qe3 a5 20. h4 Ba6 21. Ng5 e6 22.
Nf3 Ne7 23. Nh2 Nf5 24. Qf3 h5 25. Bh3 Nb5 26. Bxf5 exf5 27. Qe3 Nc7 28. b3 Ne6
29. Na3 Qe7 30. Nb1 f4 31. gxf4 Bh6 32. Rxc8+ Rxc8 33. Nc3 Rd8 34. Qg3 Nxd4 35.
Nf3 Nxf3+ 36. Qxf3 Bb7 37. Qg3 Bc6 38. Nb1 Kh7 39. a3 Qe6 40. b4 axb4 41. axb4
d4 42. Kh2 Qf5 43. Na3 b5 44. e6 fxe6 45. Re5 Qxe5 46. fxe5 Bxd2 47. Nb1 Bh6
48. Qd3 Bf4+ 49. Kg1 Bxe5 50. Qe2 Bg7 51. Qxe6 Bd5 52. Qe7 Rc8 53. Nd2 Rc1+ 54.
Kh2 Rd1 55. Ne4 Bxe4 56. Qxe4 Rd2 57. Kg1 Rb2 58. f4 d3 59. f5 d2 60. fxg6+ Kh6
61. Qd3 Ra2 62. Qe3+ Kxg6 63. Qg5+ Kf7 64. Qxh5+ Ke7 65. Qc5+ Ke6 66. Qc6+ Kf5
67. Qxb5+ Be5 68. Qd3+ Kf4 69. Qc4+ Ke3 70. Qb3+ Kd4 71. Kf1 Ra1+ 72. Ke2
1/2-1/2

[Event "2017 Oceania Zone 3.6 Zonal Championshi"]
[Site "Auckland NZL"]
[Date "2017.01.19"]
[Round "8.12"]
[White "McLaren, Leonard J"]
[Black "Perera, Pasan"]
[Result "1-0"]
[WhiteElo "2254"]
[BlackElo "2004"]
[PlyCount "207"]
[EventDate "2017.01.14"]

1. e4 d5 2. exd5 Nf6 3. d4 Bg4 4. Nf3 Qxd5 5. Nc3 Qd6 6. h3 Bh5 7. g4 Bg6 8.
Ne5 c6 9. Bg2 e6 10. h4 h5 11. Nxg6 fxg6 12. g5 Nd5 13. Qf3 Na6 14. Nxd5 Qxd5
15. O-O Qxf3 16. Bxf3 Rd8 17. c3 Bd6 18. Be4 Kf7 19. Re1 e5 20. dxe5 Bxe5 21.
Be3 Bb8 22. Rad1 Rhe8 23. Bc2 b6 24. Ba4 b5 25. Bb3+ Kf8 26. a4 Rd6 27. Ra1 Re4
28. f3 Rxh4 29. axb5 cxb5 30. Bf2 Rh3 31. Rxa6 Rxa6 32. Bc5+ Bd6 33. Bxd6+ Rxd6
34. Kg2 Rd2+ 35. Kxh3 Rxb2 36. Bd5 a5 37. Re6 Rc2 38. Ra6 Rxc3 39. Rxa5 Rc5 40.
Be4 Rxg5 41. Bd3 Ke7 42. Ra7+ Kf6 43. Ra6+ Ke5 44. Bxb5 Kf4 45. Bc6 Rc5 46.
Ra4+ Ke3 47. Ra3+ Kf4 48. Be8 Rg5 49. Bc6 Rc5 50. Be4 g5 51. Bg6 g4+ 52. fxg4
hxg4+ 53. Kg2 Kg5 54. Bd3 Rd5 55. Be2 Re5 56. Kf2 Kh4 57. Ra4 Rg5 58. Kg2 Rg6
59. Re4 Rg5 60. Re6 Rc5 61. Re8 Rg5 62. Rh8+ Rh5 63. Rg8 Rg5 64. Rd8 Re5 65.
Bd1 Rb5 66. Rd4 Rg5 67. Ba4 Re5 68. Bd7 Rg5 69. Rf4 Rg6 70. Bc8 Rg5 71. Bf5 g6
72. Be6 Re5 73. Bxg4 Kg5 74. Kg3 Re1 75. Ra4 Rg1+ 76. Kh3 Rh1+ 77. Kg2 Rc1 78.
Be2 Rc3 79. Bf3 Rc1 80. Kg3 Rg1+ 81. Bg2 Kf5 82. Ra5+ Kf6 83. Kf3 Kg7 84. Ra6
Kh6 85. Kf2 Rb1 86. Be4 Rb2+ 87. Kg3 Kg7 88. Rxg6+ Kf7 89. Kf4 Rf2+ 90. Ke5 Re2
91. Rf6+ Kg7 92. Ra6 Re1 93. Ra7+ Kg8 94. Kf5 Rf1+ 95. Kg6 Kf8 96. Bf5 Ke8 97.
Kf6 Kd8 98. Rd7+ Ke8 99. Rd2 Rf4 100. Ke6 Rf1 101. Bg4 Rf4 102. Bf5 Rf1 103.
Rh2 Re1+ 104. Kf6 1-0

[Event "2017 Oceania Zone 3.6 Zonal Championshi"]
[Site "Auckland NZL"]
[Date "2017.01.19"]
[Round "8.13"]
[White "James, Jack"]
[Black "Nakauchi, Gene"]
[Result "0-1"]
[WhiteElo "2012"]
[BlackElo "2238"]
[PlyCount "112"]
[EventDate "2017.01.14"]

1. e4 c5 2. Nc3 Nc6 3. f4 g6 4. Nf3 Bg7 5. Bb5 Nd4 6. O-O a6 7. Bd3 d6 8. Nxd4
cxd4 9. Ne2 Nh6 10. c3 e5 11. cxd4 exd4 12. Qb3 O-O 13. Bc4 Kh8 14. d3 f5 15.
Bd2 Bd7 16. a4 Bc6 17. Bd5 Ng4 18. exf5 Bxd5 19. Qxd5 Rxf5 20. Qf3 Ne5 21. Qxb7
Nxd3 22. b4 Rb8 23. Qxa6 Nxb4 24. Bxb4 Rxb4 25. Ng3 Ra5 26. Qc6 Rc5 27. Qe4 d5
28. Qe6 d3 29. Rad1 Rxa4 30. f5 Ra2 31. f6 Bh6 32. Rxd3 Rcc2 33. Qh3 Rxg2+ 34.
Qxg2 Rxg2+ 35. Kxg2 d4 36. Rff3 Kg8 37. Ne2 Bg5 38. f7+ Kf8 39. Nxd4 Qb6 40.
Nc2 Bf6 41. Ne3 Qe6 42. Rd2 g5 43. h3 h5 44. Nd5 Be5 45. Nc3 Bf4 46. Rdf2 Qc6
47. Kf1 Bd2 48. Rd3 Qh1+ 49. Ke2 Qe1+ 50. Kf3 Bxc3 51. Kg2 Qe4+ 52. Rff3 Qe2+
53. Kh1 Bd4 54. Rg3 Qf1+ 55. Kh2 Be5 56. Rde3 Qf2+ 0-1

[Event "2017 Oceania Zone 3.6 Zonal Championshi"]
[Site "Auckland NZL"]
[Date "2017.01.19"]
[Round "8.14"]
[White "Lim, Benjamin U"]
[Black "Chew Lee, Max"]
[Result "0-1"]
[WhiteElo "1920"]
[BlackElo "2204"]
[PlyCount "66"]
[EventDate "2017.01.14"]

1. Nf3 e6 2. d4 f5 3. g3 b6 4. Bg2 Bb7 5. O-O Be7 6. c4 Nf6 7. Nc3 O-O 8. d5
Qe8 9. Ng5 Qh5 10. h3 h6 11. d6 Bxg2 12. dxe7 Re8 13. Kxg2 hxg5 14. f4 gxf4 15.
Bxf4 d6 16. Qd3 Nbd7 17. b4 Rxe7 18. e4 g5 19. Bd2 Ne5 20. Qd4 Rh7 21. h4 gxh4
22. Qe3 Rg7 23. Be1 Nfg4 24. Qe2 Nxc4 25. Rh1 h3+ 26. Kg1 h2+ 27. Rxh2 Qxh2+
28. Qxh2 Nxh2 29. Kxh2 f4 30. Ne2 fxg3+ 31. Nxg3 Rf8 32. Kg2 Ne3+ 33. Kh3 Rh7+
0-1

[Event "2017 Oceania Zone 3.6 Zonal Championshi"]
[Site "Auckland NZL"]
[Date "2017.01.19"]
[Round "8.15"]
[White "Winkelman, Albert"]
[Black "Polishchuk, Kirill"]
[Result "1-0"]
[WhiteElo "1860"]
[BlackElo "2175"]
[PlyCount "157"]
[EventDate "2017.01.14"]

1. e4 c5 2. Nf3 Nc6 3. d4 cxd4 4. Nxd4 e5 5. Nb5 a6 6. Nd6+ Bxd6 7. Qxd6 Qe7 8.
Qd1 Nf6 9. Nc3 d6 10. Bg5 Be6 11. Nd5 Bxd5 12. exd5 Nb8 13. Be2 h6 14. Be3 O-O
15. O-O Nbd7 16. c4 Nh7 17. f3 f5 18. Qc2 Rac8 19. Qd2 Nhf6 20. Bf2 Rfe8 21.
Qe3 Nh5 22. Rfe1 Nf4 23. Bf1 Qg5 24. Bg3 Nh5 25. Qxg5 hxg5 26. Bf2 Nhf6 27. b4
g4 28. Rac1 gxf3 29. gxf3 Kf8 30. Rc3 Nxd5 31. Rd3 Nxb4 32. Rxd6 Nc5 33. Rb1
Nxa2 34. Be1 e4 35. Rd5 g6 36. Ra1 exf3 37. Bd2 f2+ 38. Kg2 Re4 39. Rxa2 Rg4+
40. Kxf2 Ne4+ 41. Kf3 Rg1 42. Be2 Ke7 43. Bd3 Ke6 44. Be3 Rg4 45. Rd4 Ng5+ 46.
Kf2 Rxd4 47. Bxd4 Rd8 48. Be3 Nh3+ 49. Ke2 f4 50. Bb6 Rd6 51. c5 Rd7 52. Bxg6
Rg7 53. Be4 Ng1+ 54. Kf1 Nh3 55. Bg2 Ng5 56. Re2+ Kf5 57. Bd5 f3 58. Re8 Rd7
59. Rf8+ Kg4 60. h4 Rxd5 61. hxg5 Rd1+ 62. Kf2 Rd2+ 63. Kf1 Rd1+ 64. Kf2 Rd2+
65. Ke1 Re2+ 66. Kf1 Rd2 67. g6 Rd7 68. Rf7 Rd1+ 69. Kf2 Rd2+ 70. Ke1 Re2+ 71.
Kf1 Re6 72. g7 Rg6 73. Bc7 Kh5 74. Be5 Kh6 75. Rxf3 Kh7 76. Rh3+ Kg8 77. Rh8+
Kf7 78. Rf8+ Ke6 79. Rf6+ 1-0

[Event "2017 Oceania Zone 3.6 Zonal Championshi"]
[Site "Auckland NZL"]
[Date "2017.01.19"]
[Round "8.16"]
[White "Crowley, Regan"]
[Black "Kethro, Michael"]
[Result "0-1"]
[WhiteElo "1761"]
[BlackElo "2091"]
[PlyCount "70"]
[EventDate "2017.01.14"]

1. d4 d5 2. c4 e6 3. Nc3 Nf6 4. cxd5 exd5 5. Bg5 Nbd7 6. e3 c6 7. Bd3 Be7 8.
Nge2 Nf8 9. Qc2 Ne6 10. Bh4 g6 11. O-O O-O 12. Rab1 b6 13. b4 Bb7 14. Bxf6 Bxf6
15. f4 Qe7 16. Ng3 Rab8 17. a3 c5 18. dxc5 bxc5 19. e4 c4 20. e5 Bh4 21. Bf5
Nd4 22. Qd2 Nxf5 23. Nxf5 gxf5 24. Nxd5 Qe6 25. Ne3 Bd8 26. Qc3 Bb6 27. Rbd1
Rbd8 28. Kh1 Qc6 29. Rf3 Qe6 30. Rg3+ Kh8 31. Rd6 Rxd6 32. exd6+ f6 33. Qd2 Rd8
34. Qc3 Rxd6 35. h4 Rd3 0-1

[Event "2017 Oceania Zone 3.6 Zonal Championshi"]
[Site "Auckland NZL"]
[Date "2017.01.19"]
[Round "8.17"]
[White "Soo-Burrowes, Eliot W"]
[Black "Ng, Clive"]
[Result "1-0"]
[WhiteElo "2040"]
[BlackElo "1997"]
[PlyCount "83"]
[EventDate "2017.01.14"]

1. c4 Nf6 2. Nc3 e6 3. e4 d5 4. e5 d4 5. exf6 dxc3 6. bxc3 Qxf6 7. d4 Qd8 8.
Nf3 Be7 9. Bd3 Nd7 10. O-O O-O 11. Qc2 g6 12. Bf4 c5 13. Rab1 Nf6 14. Rfd1 cxd4
15. Ne5 Nd7 16. cxd4 Nxe5 17. Bxe5 Bd6 18. Be4 Rb8 19. Qa4 a6 20. c5 Bd7 21.
Qb4 Bxe5 22. dxe5 Qc7 23. Qb6 Rfc8 24. Qxc7 Rxc7 25. Rd6 Bb5 26. c6 b6 27. Rd4
Rbc8 28. Rc1 a5 29. a4 Ba6 30. Rb1 Rb8 31. Rd7 Rxd7 32. cxd7 Rd8 33. Bc6 Bc4
34. Rxb6 Kf8 35. f4 Ke7 36. Kf2 f6 37. Ke3 fxe5 38. fxe5 Bd5 39. Bxd5 exd5 40.
e6 Rf8 41. Rc6 Rf6 42. Kd3 1-0